000
002320000a22000970004500
100
1
_a
Mitchell, William
245
1
0
_a
Diego Thomson
300
_a
Vol. 5, Núm 9 (1997), Páginas 57-61
773
0
_t
Textos para la acción
942
_c
ANA
999
_c
53236
_d
53236